000 01070nam a22002297a 4500
003 OSt
005 20260526135949.0
008 260526b |||||||| |||| 00| 0 eng d
020 _a978-81-203-3608-7
040 _cSBCL
082 _a620.5 620.5
_bCHA-I
100 _aChattopadhyay, K.K
245 _aIntroduction ToNanoscience and Nanotechnology
250 _a1st
260 _aDelhi
_bPHI Learning Pvt, Ltd
_c2025
300 _a260p.
630 _x Technology 
650 _aEngineering
650 _a Engineering and allied operations
650 _a Nanotechnology
942 _cBOOK
999 _c138247
_d138247